| 000 | 00796cab a2200241 4500 | ||
|---|---|---|---|
| 001 | ABS58179 | ||
| 008 | 090401t1998 xxu||||| |||| 00| 0 eng d | ||
| 035 | _a(Sirsi) u83483 | ||
| 041 | _aeng | ||
| 100 | _aMinogue, A. | ||
| 245 | _aTaking uninsured risks | ||
| 260 | _c1998 | ||
| 350 | _a0 | ||
| 490 |
_aBuilding _v273(8023) 23 January 1998, 38-39(2) |
||
| 520 | _aDiscusses the dangers of restricting consultants` liabilities to what they are able to insure. Concluding that because a risk is not insured it does not mean that professionals should be allowed to avoid responsibility. | ||
| 650 | _aCONSULTANTS | ||
| 650 | _aLIABILITY | ||
| 650 | _aPROFESSIONAL INDEMNITY INSURANCE | ||
| 650 | _aRESPONSIBILITY | ||
| 690 |
_aInsurance _96249 |
||
| 942 | _n0 | ||
| 948 | _c02/02/1998 | ||
| 999 |
_c52730 _d52730 |
||